[Event "OP-2012-0-02435"]
[Site "LSS email"]
[Date "2012.10.03"]
[Round "?"]
[White "Smith, Douglas Royston"]
[Black "Pilgram, Kurt"]
[Result "0-1"]
[WhiteElo "1592"]
[BlackElo "1816"]
[PlyCount "46"]
[EventDate "2012.09.29"]
[EventType "tourn (corr)"]
[EventRounds "4"]
[EventCountry "GER"]
[SourceTitle "Telechess CBM 161"]
[Source "ChessBase"]
[SourceDate "2014.07.16"]
[SourceVersion "1"]
[SourceVersionDate "2014.07.16"]
[SourceQuality "1"]

1. Nf3 Nf6 2. d4 g6 3. Nc3 Bg7 4. e4 d6 5. Be3 a6 6. Qd2 b5 7. Bh6 0-0 8. Bxg7 Kxg7 9. Bd3 Nc6 10. d5 Ne5 11. Nxe5 dxe5 12. Qg5 Qd6 13. f4 Nd7 14. f5 Bb7 15. 0-0 c6 16. dxc6 Bxc6 17. a3 Nf6 18. Rad1 Qc5+ 19. Kh1 Rad8 20. Qh4 a5 21. Rd2 b4 22. Nb1 bxa3 23. Nxa3 Bxe4 0-1

[Event "SC-2012-0-00156"]
[Site "LSS email"]
[Date "2012.09.06"]
[Round "?"]
[White "Draba, Henryk"]
[Black "Smith, Douglas Royston"]
[Result "1-0"]
[WhiteElo "1622"]
[BlackElo "1592"]
[PlyCount "35"]
[EventDate "2012.08.01"]
[EventType "tourn (corr)"]
[EventRounds "6"]
[EventCountry "GER"]
[SourceTitle "Corr 2015"]
[Source "ChessBase"]
[SourceDate "2015.07.17"]
[SourceVersion "1"]
[SourceVersionDate "2015.07.17"]
[SourceQuality "1"]

1. d4 g6 2. e4 Bg7 3. Nf3 c6 4. Nc3 d5 5. h3 dxe4 6. Nxe4 Nd7 7. Bc4 Ndf6 8. Nc5 Nd5 9. 0-0 Ngf6 10. Re1 0-0 11. c3 b6 12. Nd3 Bf5 13. Bb3 Rc8 14. Nde5 a5 15. c4 Nb4 16. a3 Na6 17. Qe2 Nb8 18. Bf4 1-0

[Event "SC-2012-0-00156"]
[Site "LSS email"]
[Date "2012.09.06"]
[Round "?"]
[White "Smith, Douglas Royston"]
[Black "Correa de Almeida, Claudio"]
[Result "0-1"]
[WhiteElo "1592"]
[BlackElo "1626"]
[PlyCount "26"]
[EventDate "2012.08.01"]
[EventType "tourn (corr)"]
[EventRounds "6"]
[EventCountry "GER"]
[SourceTitle "Corr 2015"]
[Source "ChessBase"]
[SourceDate "2015.07.17"]
[SourceVersion "1"]
[SourceVersionDate "2015.07.17"]
[SourceQuality "1"]

1. d4 d5 2. Nf3 Nf6 3. Bf4 c5 4. e3 Nc6 5. c3 Qb6 6. Qb3 c4 7. Qxb6 axb6 8. Na3 Bf5 9. Nh4 Bd7 10. Nb5 Ra5 11. a4 Na7 12. Nc7+ Kd8 13. Na8 Ra6 0-1

[Event "SC-2012-0-00145"]
[Site "LSS email"]
[Date "2012.05.17"]
[Round "?"]
[White "Smith, Douglas Royston"]
[Black "Dogan, Ahmet"]
[Result "1/2-1/2"]
[WhiteElo "1592"]
[BlackElo "1680"]
[PlyCount "33"]
[EventDate "2012.03.30"]
[EventType "tourn (corr)"]
[EventRounds "6"]
[EventCountry "GER"]
[SourceTitle "Corr 2015"]
[Source "ChessBase"]
[SourceDate "2015.07.17"]
[SourceVersion "1"]
[SourceVersionDate "2015.07.17"]
[SourceQuality "1"]

1. d4 Nf6 2. Nf3 e6 3. e3 d5 4. Bd3 c5 5. c3 Bd6 6. Nbd2 0-0 7. dxc5 Bxc5 8. Qe2 Nc6 9. e4 Qc7 10. 0-0 Bd7 11. e5 Ng4 12. Nb3 Bb6 13. Bxh7+ Kxh7 14. Ng5+ Kg8 15. Qxg4 Qxe5 16. Qh3 Qf5 17. Qxf5 1/2-1/2

[Event "SC-2012-0-00145"]
[Site "LSS email"]
[Date "2012.05.17"]
[Round "?"]
[White "Smith, Douglas Royston"]
[Black "Ponting, Andrew"]
[Result "1-0"]
[WhiteElo "1592"]
[BlackElo "1393"]
[PlyCount "29"]
[EventDate "2012.03.30"]
[EventType "tourn (corr)"]
[EventRounds "6"]
[EventCountry "GER"]
[SourceTitle "Corr 2015"]
[Source "ChessBase"]
[SourceDate "2015.07.17"]
[SourceVersion "1"]
[SourceVersionDate "2015.07.17"]
[SourceQuality "1"]

1. d4 d5 2. Nf3 c6 3. c4 Nf6 4. Nc3 e6 5. e3 Bd6 6. Bd3 dxc4 7. Bxc4 b5 8. Bd3 Bb7 9. e4 Bb4 10. 0-0 Nbd7 11. e5 Nd5 12. Nxd5 exd5 13. Ng5 Be7 14. e6 Bxg5 15. Qh5 1-0

[Event "SC-2012-0-00143"]
[Site "LSS email"]
[Date "2012.04.19"]
[Round "?"]
[White "Strohmeier, Josef"]
[Black "Smith, Douglas Royston"]
[Result "0-1"]
[WhiteElo "1644"]
[BlackElo "1628"]
[PlyCount "36"]
[EventDate "2012.03.07"]
[EventType "tourn (corr)"]
[EventRounds "6"]
[EventCountry "GER"]
[SourceTitle "Telechess CBM 153"]
[Source "ChessBase"]
[SourceDate "2013.03.14"]
[SourceVersion "1"]
[SourceVersionDate "2013.03.14"]
[SourceQuality "1"]

1. e4 g6 2. d4 Bg7 3. c4 d6 4. Nf3 Bg4 5. Be2 Nc6 6. 0-0 Bxf3 7. Bxf3 Nxd4 8. Bg4 c5 9. Nc3 Nf6 10. Bh3 0-0 11. Be3 Qb6 12. b3 Qa5 13. Bd2 Qc7 14. Rc1 e6 15. f3 a6 16. Ne2 Nd7 17. Nxd4 Bxd4+ 18. Kh1 b5 0-1

[Event "OP-2012-0-02150"]
[Site "LSS email"]
[Date "2012.04.14"]
[Round "?"]
[White "Smith, Douglas Royston"]
[Black "Vontina, Maria"]
[Result "1-0"]
[WhiteElo "1690"]
[BlackElo "725"]
[PlyCount "33"]
[EventDate "2012.04.12"]
[EventType "tourn (corr)"]
[EventRounds "4"]
[EventCountry "GER"]
[SourceTitle "Corr 2015"]
[Source "ChessBase"]
[SourceDate "2015.07.17"]
[SourceVersion "1"]
[SourceVersionDate "2015.07.17"]
[SourceQuality "1"]

1. d4 Nf6 2. Nf3 d5 3. Bf4 Bf5 4. e3 e6 5. Nbd2 Be7 6. Ne5 0-0 7. g4 Bg6 8. h4 h6 9. Nxg6 fxg6 10. Bd3 Kf7 11. g5 Ng8 12. Qg4 hxg5 13. hxg5 Nd7 14. Bxg6+ Kxg6 15. Qh5+ Kf5 16. Qh7+ g6 17. Qh3# 1-0

[Event "OP-2012-0-02109"]
[Site "LSS email"]
[Date "2012.03.15"]
[Round "?"]
[White "Smith, Douglas Royston"]
[Black "Cvak, Rudolf"]
[Result "1/2-1/2"]
[WhiteElo "1628"]
[BlackElo "1914"]
[PlyCount "24"]
[EventDate "2012.03.11"]
[EventType "tourn (corr)"]
[EventRounds "4"]
[EventCountry "GER"]
[SourceTitle "Corr 2015"]
[Source "ChessBase"]
[SourceDate "2015.07.17"]
[SourceVersion "1"]
[SourceVersionDate "2015.07.17"]
[SourceQuality "1"]

1. d4 Nf6 2. Nf3 g6 3. Nc3 d5 4. Bf4 Bg7 5. e3 0-0 6. Be2 c5 7. Ne5 cxd4 8. exd4 Ne4 9. Nxe4 dxe4 10. c3 Nd7 11. Nxd7 Bxd7 12. 0-0 Bc6 1/2-1/2

[Event "OP-2012-0-02109"]
[Site "LSS email"]
[Date "2012.03.15"]
[Round "?"]
[White "Smith, Douglas Royston"]
[Black "Pavlicek, Miroslav"]
[Result "1/2-1/2"]
[WhiteElo "1628"]
[BlackElo "1860"]
[PlyCount "67"]
[EventDate "2012.03.11"]
[EventType "tourn (corr)"]
[EventRounds "4"]
[EventCountry "GER"]
[SourceTitle "Telechess CBM 153"]
[Source "ChessBase"]
[SourceDate "2013.03.14"]
[SourceVersion "1"]
[SourceVersionDate "2013.03.14"]
[SourceQuality "1"]

1. d4 Nf6 2. Nf3 d5 3. e3 c5 4. c3 e6 5. Bd3 Bd6 6. Nbd2 Nbd7 7. 0-0 0-0 8. Re1 Qc7 9. e4 c4 10. Bc2 dxe4 11. Nxe4 Nxe4 12. Rxe4 Rd8 13. Bg5 f6 14. Bd2 Nf8 15. Re1 b6 16. Qe2 Bb7 17. Be4 Rac8 18. h4 Re8 19. h5 h6 20. Bxb7 Qxb7 21. Nh4 f5 22. Rad1 Bb8 23. Ng6 Nxg6 24. hxg6 Qd5 25. g3 Rc6 26. Qh5 Rf8 27. Bf4 Bxf4 28. gxf4 Rf6 29. Re5 Qd7 30. Kh2 Rd6 31. Rg1 Qa4 32. a3 Qc6 33. Qe2 Rd5 34. Kh3 1/2-1/2

[Event "OP-2012-0-02109"]
[Site "LSS email"]
[Date "2012.03.15"]
[Round "?"]
[White "Taroma Corpus, Roger"]
[Black "Smith, Douglas Royston"]
[Result "1/2-1/2"]
[WhiteElo "1603"]
[BlackElo "1628"]
[PlyCount "33"]
[EventDate "2012.03.11"]
[EventType "tourn (corr)"]
[EventRounds "4"]
[EventCountry "GER"]
[SourceTitle "Corr 2015"]
[Source "ChessBase"]
[SourceDate "2015.07.17"]
[SourceVersion "1"]
[SourceVersionDate "2015.07.17"]
[SourceQuality "1"]

1. e4 g6 2. d4 Bg7 3. c3 d5 4. Nd2 Nf6 5. e5 Nfd7 6. Qf3 Nb6 7. Bd3 0-0 8. Qe3 f6 9. Ngf3 Nc6 10. exf6 exf6 11. 0-0 Re8 12. Qf4 Ne7 13. Re1 c6 14. h3 Bf5 15. Bf1 g5 16. Qh2 Qb8 17. Qxb8 1/2-1/2

[Event "SC-2012-0-00138"]
[Site "LSS email"]
[Date "2012.02.27"]
[Round "?"]
[White "Drus, Michal"]
[Black "Smith, Douglas Royston"]
[Result "0-1"]
[WhiteElo "1561"]
[BlackElo "1593"]
[PlyCount "36"]
[EventDate "2012.01.05"]
[EventType "tourn (corr)"]
[EventRounds "6"]
[EventCountry "GER"]
[SourceTitle "Corr 2015"]
[Source "ChessBase"]
[SourceDate "2015.07.17"]
[SourceVersion "1"]
[SourceVersionDate "2015.07.17"]
[SourceQuality "1"]

1. e4 g6 2. d4 Bg7 3. Nc3 c6 4. Nf3 d5 5. Bd3 Bg4 6. Be3 e5 7. Be2 exd4 8. Nxd4 Bxe2 9. Ndxe2 Nf6 10. exd5 cxd5 11. Qd3 0-0 12. 0-0-0 Nc6 13. Kb1 Re8 14. Nxd5 Nxd5 15. Qxd5 Qc7 16. Qc5 Re5 17. Qa3 Ree8 18. Qd6 Qa5 0-1

[Event "OP-2011-0-01945"]
[Site "LSS email"]
[Date "2011.12.18"]
[Round "?"]
[White "Biryukov, Sergey"]
[Black "Smith, Douglas Royston"]
[Result "0-1"]
[WhiteElo "1353"]
[BlackElo "1716"]
[PlyCount "50"]
[EventDate "2011.12.15"]
[EventType "tourn (corr)"]
[EventRounds "4"]
[EventCountry "GER"]
[SourceTitle "Telechess CBM 155"]
[Source "ChessBase"]
[SourceDate "2013.07.16"]
[SourceVersion "1"]
[SourceVersionDate "2013.07.16"]
[SourceQuality "1"]

1. e4 c5 2. c3 Nf6 3. e5 Nd5 4. d4 cxd4 5. cxd4 d6 6. Bc4 Nb6 7. Bb3 dxe5 8. Nf3 exd4 9. Qxd4 Qxd4 10. Nxd4 Na6 11. Nc3 e5 12. Ndb5 Bc5 13. 0-0 Ke7 14. Re1 f6 15. Be3 Bxe3 16. Rxe3 g5 17. Rd1 Nc5 18. Nd6 Nxb3 19. axb3 Be6 20. Nce4 Nd5 21. h3 Nxe3 22. fxe3 Rhd8 23. Kf2 f5 24. Nxg5 Rxd6 25. Rxd6 Kxd6 0-1

[Event "OP-2011-0-01945"]
[Site "LSS email"]
[Date "2011.12.18"]
[Round "?"]
[White "Smith, Douglas Royston"]
[Black "Puleston, Tim O"]
[Result "1-0"]
[WhiteElo "1716"]
[BlackElo "1223"]
[PlyCount "45"]
[EventDate "2011.12.15"]
[EventType "tourn (corr)"]
[EventRounds "4"]
[EventCountry "GER"]
[SourceTitle "Telechess CBM 157"]
[Source "ChessBase"]
[SourceDate "2013.11.12"]
[SourceVersion "1"]
[SourceVersionDate "2013.11.12"]
[SourceQuality "1"]

1. d4 f5 2. Bg5 g6 3. Nd2 Bg7 4. e4 fxe4 5. Nxe4 d5 6. Nc5 b6 7. Nb3 Nh6 8. h4 Nf7 9. Nf3 0-0 10. Qd2 c5 11. dxc5 Bxb2 12. Rd1 Nxg5 13. hxg5 Bb7 14. c3 Ba3 15. Qe3 Qc8 16. Rd4 bxc5 17. Rdh4 Rf7 18. Bd3 Rxf3 19. gxf3 d4 20. Bc4+ Kf8 21. Rxh7 dxe3 22. Rh8+ Kg7 23. R1h7# 1-0

[Event "OP-2011-0-01925"]
[Site "LSS email"]
[Date "2011.12.07"]
[Round "?"]
[White "Schulz, Hans Juergen"]
[Black "Smith, Douglas Royston"]
[Result "1-0"]
[WhiteElo "1775"]
[BlackElo "1655"]
[PlyCount "61"]
[EventDate "2011.12.05"]
[EventType "tourn (corr)"]
[EventRounds "4"]
[EventCountry "GER"]
[SourceTitle "Telechess CBM 157"]
[Source "ChessBase"]
[SourceDate "2013.11.12"]
[SourceVersion "1"]
[SourceVersionDate "2013.11.12"]
[SourceQuality "1"]

1. e4 c5 2. Nf3 e6 3. d4 cxd4 4. Nxd4 a6 5. Bd3 Nf6 6. 0-0 Qc7 7. Qe2 d6 8. c4 g6 9. Nc3 Bg7 10. Rd1 0-0 11. Nf3 Nbd7 12. Bf4 Ng4 13. Rac1 b6 14. Qd2 Nde5 15. Be2 Rd8 16. Nxe5 Nxe5 17. Be3 Rb8 18. Bd4 Bb7 19. b3 Bf6 20. g4 Be7 21. f4 Nd7 22. Nd5 exd5 23. cxd5 Nc5 24. b4 Bf8 25. Bf6 Re8 26. bxc5 bxc5 27. Bf3 Bc8 28. Re1 Be7 29. Ba1 Bh4 30. g5 Bxe1 31. Qxe1 1-0

[Event "RC-2011-0-00083"]
[Site "LSS email"]
[Date "2011.10.16"]
[Round "?"]
[White "Draba, Henryk"]
[Black "Smith, Douglas Royston"]
[Result "1/2-1/2"]
[WhiteElo "1600"]
[BlackElo "1654"]
[PlyCount "60"]
[EventDate "2011.09.02"]
[EventType "tourn (corr)"]
[EventRounds "6"]
[EventCountry "GER"]
[SourceTitle "Telechess CBM 157"]
[Source "ChessBase"]
[SourceDate "2013.11.12"]
[SourceVersion "1"]
[SourceVersionDate "2013.11.12"]
[SourceQuality "1"]

1. d4 Nf6 2. c4 e6 3. a3 b6 4. Nf3 Bb7 5. Nc3 Be7 6. Bf4 d5 7. e3 0-0 8. cxd5 Nxd5 9. Nxd5 Bxd5 10. Rc1 c5 11. Bb5 Bf6 12. 0-0 cxd4 13. exd4 a6 14. Bc7 Qe7 15. Bc4 Bxc4 16. Rxc4 b5 17. Rc2 Rc8 18. d5 exd5 19. Qxd5 Ra7 20. Bd6 Qd7 21. Ne5 Bxe5 22. Rxc8+ Qxc8 23. Qxe5 Nd7 24. Qe3 Ra8 25. Bf4 Qc2 26. Qd4 Qf5 27. Qd6 Re8 28. Be3 a5 29. Rd1 Nf6 30. Qd3 Qxd3 1/2-1/2

[Event "OP-2011-0-01799"]
[Site "LSS email"]
[Date "2011.10.09"]
[Round "?"]
[White "Smith, Douglas Royston"]
[Black "Vontina, Maria"]
[Result "1-0"]
[WhiteElo "1694"]
[BlackElo "800"]
[PlyCount "43"]
[EventDate "2011.09.28"]
[EventType "tourn (corr)"]
[EventRounds "4"]
[EventCountry "GER"]
[SourceTitle "Telechess CBM 151"]
[Source "ChessBase"]
[SourceDate "2012.11.13"]
[SourceVersion "1"]
[SourceVersionDate "2012.11.13"]
[SourceQuality "1"]

1. d4 Nf6 2. Nf3 d5 3. e3 Bg4 4. c4 e6 5. Qb3 Be7 6. Qxb7 Nbd7 7. Nc3 0-0 8. cxd5 Nxd5 9. Nxd5 Bxf3 10. Nxe7+ Qxe7 11. Qxf3 c5 12. Be2 cxd4 13. exd4 Nf6 14. 0-0 Rfd8 15. Bg5 Rab8 16. Bxf6 Qxf6 17. Qxf6 gxf6 18. b3 Rxd4 19. Rfd1 Rdd8 20. Rxd8+ Rxd8 21. Rd1 Rxd1+ 22. Bxd1 1-0

[Event "SC-2011-0-00116"]
[Site "LSS email"]
[Date "2011.08.29"]
[Round "?"]
[White "Smith, Douglas Royston"]
[Black "Pott, Brian"]
[Result "1/2-1/2"]
[WhiteElo "1694"]
[BlackElo "1651"]
[PlyCount "57"]
[EventDate "2011.08.04"]
[EventType "tourn (corr)"]
[EventRounds "6"]
[EventCountry "GER"]
[SourceTitle "Telechess CBM 149"]
[Source "ChessBase"]
[SourceDate "2012.07.17"]
[SourceVersion "1"]
[SourceVersionDate "2012.07.17"]
[SourceQuality "1"]

1. d4 d5 2. Nf3 Nf6 3. e3 g6 4. c4 c6 5. Nc3 Bg7 6. Be2 0-0 7. 0-0 a6 8. a4 a5 9. Qb3 Na6 10. cxd5 cxd5 11. Bd2 Nb4 12. Ne5 Bf5 13. Rac1 Rc8 14. Nb5 Nc6 15. Nxc6 Rxc6 16. Na7 Rxc1 17. Rxc1 Ne4 18. Be1 e5 19. dxe5 Qb8 20. Nb5 Bxe5 21. f4 Bg7 22. Bxa5 b6 23. Bb4 Rc8 24. Rd1 Be6 25. Nd4 Bxd4 26. Rxd4 Rc1+ 27. Rd1 Qc8 28. Ba3 h6 29. Qd3 1/2-1/2

[Event "SC-2011-0-00116"]
[Site "LSS email"]
[Date "2011.08.29"]
[Round "?"]
[White "Smith, Douglas Royston"]
[Black "Santos, Sebastiao"]
[Result "0-1"]
[WhiteElo "1694"]
[BlackElo "1847"]
[PlyCount "68"]
[EventDate "2011.08.04"]
[EventType "tourn (corr)"]
[EventRounds "6"]
[EventCountry "GER"]
[SourceTitle "Telechess CBM 149"]
[Source "ChessBase"]
[SourceDate "2012.07.17"]
[SourceVersion "1"]
[SourceVersionDate "2012.07.17"]
[SourceQuality "1"]

1. d4 d5 2. Nf3 Nf6 3. e3 e6 4. Bd3 c5 5. c3 Nc6 6. Nbd2 Qc7 7. 0-0 Bd6 8. dxc5 Bxc5 9. e4 0-0 10. Qe2 Bb6 11. e5 Nd7 12. Bxh7+ Kxh7 13. Ng5+ Kg6 14. Qd3+ f5 15. Nxe6 Qxe5 16. Nxf8+ Nxf8 17. Nf3 Qe4 18. Qd2 Ne5 19. Nxe5+ Qxe5 20. Re1 Qd6 21. Qg5+ Kf7 22. Bf4 Qf6 23. Qh5+ Qg6 24. Qf3 Be6 25. Be3 Bc7 26. c4 Rd8 27. Bxa7 dxc4 28. Qxb7 Rd7 29. Qa8 Qh6 30. h3 Bd5 31. Qe8+ Kg8 32. Be3 f4 33. Bc5 Rd8 34. Qe2 Ne6 0-1

[Event "SC-2011-0-00109"]
[Site "LSS email"]
[Date "2011.07.20"]
[Round "?"]
[White "Bascetta, Biagio J"]
[Black "Smith, Douglas Royston"]
[Result "1-0"]
[WhiteElo "1673"]
[BlackElo "1694"]
[PlyCount "37"]
[EventDate "2011.06.26"]
[EventType "tourn (corr)"]
[EventRounds "6"]
[EventCountry "GER"]
[SourceTitle "Telechess CBM 149"]
[Source "ChessBase"]
[SourceDate "2012.07.17"]
[SourceVersion "1"]
[SourceVersionDate "2012.07.17"]
[SourceQuality "1"]

1. e4 d5 2. exd5 Qxd5 3. Nf3 Nf6 4. d4 Bg4 5. Be2 e6 6. h3 Bh5 7. 0-0 Be7 8. c4 Qd8 9. Nc3 0-0 10. Be3 Nbd7 11. g4 Bg6 12. Nh4 c5 13. Nxg6 hxg6 14. Bf3 cxd4 15. Bxd4 Qc7 16. Qe2 Rac8 17. b3 a6 18. Rfd1 Rfd8 19. Rac1 1-0

[Event "OP-2011-0-01603"]
[Site "LSS email"]
[Date "2011.06.20"]
[Round "?"]
[White "Bester, Kazimierz"]
[Black "Smith, Douglas Royston"]
[Result "0-1"]
[WhiteElo "598"]
[BlackElo "1666"]
[PlyCount "62"]
[EventDate "2011.06.17"]
[EventType "tourn (corr)"]
[EventRounds "4"]
[EventCountry "GER"]
[SourceTitle "Telechess CBM 151"]
[Source "ChessBase"]
[SourceDate "2012.11.13"]
[SourceVersion "1"]
[SourceVersionDate "2012.11.13"]
[SourceQuality "1"]

1. f4 g6 2. Nf3 Bg7 3. e3 d5 4. Be2 Nf6 5. 0-0 0-0 6. d4 c5 7. c3 b6 8. Ne5 Ba6 9. Bxa6 Nxa6 10. Qe2 Nc7 11. f5 Nce8 12. dxc5 bxc5 13. Nd2 Nd6 14. fxg6 hxg6 15. Ndf3 c4 16. Nd4 Nfe4 17. Nec6 Qc7 18. Rf3 e5 19. Nxe5 Bxe5 20. Rh3 Kg7 21. Bd2 Rh8 22. Rxh8 Rxh8 23. Nf3 Bf6 24. Be1 Qb6 25. Nd4 Rb8 26. Rb1 Nb5 27. a4 Nbxc3 28. bxc3 Qxb1 29. h4 Bxh4 30. Nf3 Bf2+ 31. Kf1 Ng3+ 0-1